Matematics in action

Bibliographic Details
Format: Book
Published: New York : Macmillan/McGraw-Hill , 1992
Subjects:

MARC

LEADER 00000cam a2200000 7i4500
001 0000004930
002 000005316
005 20000330.0
020 |a 0021084955 
090 0 0 |a 510.7   |b MAT 
245 0 0 |a Matematics in action   |c Alan R.Hoffer et.al 
260 |a New York :   |b Macmillan/McGraw-Hill ,   |c 1992 
300 |a 598p. ;   |c 26cm. 
650 0 0 |a Mathematic   |x Study and teaching 
999 |a 037547   |b BUKU   |c PINJAMAN   |e PERPUSTAKAAN KOMUNITI PETALING JAYA 
999 |a 037548   |b BUKU   |c PINJAMAN   |e PERPUSTAKAAN KOMUNITI PETALING JAYA